00422nam a2200169Ia 4500003000400000005001700004008004100021020002400062040000700086041000800093082001600101100001800117245004900135260004500184300000900229650001400238OSt20250926124015.0250729s2005 xx 000 0 und d a ‎ 978-8171692668 cAL aeng a370.78 SHAI aShan Hans Raj aIdentification and development of creativity aNew DelhibCommonwealth Publishersc2005 a248p aEducation